Cvičení rodičů s dětmi v jeslích

Podrobná bibliografia
Hlavný autor: Gogela, Miroslav (Autor)
Médium: Článok
Jazyk:slovenčina
čeština
Fyzický popis:Obr. 3.
Predmet:

MARC

LEADER 00000nab a2200000 a 4500
001 vtls000205964
003 SK-MaSNL
005 20260304060919.0
008 250422c19841985xo 0 slo
015 |a SNBRB19rr/mm-uuuuu 
035 |a CL0216077 
035 |a urn:nbn:sk:snk-abbefr 
035 |a (urnnbn)urn:nbn:sk:snk:ar-002lix 
035 |a (uuid)261276db-0621-4ec2-be94-49952bc56b28 
040 |a SNKBUCL  |b slo  |c SNKBUCL  |e AACR2 
041 0 |a cze 
044 |a xo  |c SK 
080 |a 372.36-053.4:373.22  |2 1981 
080 |a 373.22  |2 1981 
100 1 |a Gogela, Miroslav  |4 aut  |9 1344761 
245 1 0 |a Cvičení rodičů s dětmi v jeslích  |c Miroslav Gogela 
300 |b Obr. 3. 
650 0 7 |a deti predškolského veku  |2 snkbucl  |9 4103 
650 0 7 |a detské jasle  |2 snkbucl  |9 50070 
650 0 7 |a rodičia  |2 snkbucl  |9 24378 
655 7 |a články z novín a časopisov  |2 snkbucl  |9 267496 
773 0 |t Predškolská výchova  |g Roč. 39, č. 2 (1984/1985), s. 20-21 
850 |a Slovenská národná knižnica 
852 |a Slovenská národná knižnica 
958 |a article15 
958 |a RK 
958 |a CZ 
958 |a OND 
958 |a EUIPO 
992 |a RBX 
999 |c 2730587  |d 2732517